000 01237nam a2200325 i 4500
001 000016614
003 DO-SdBNP
005 20250205101446.0
007 ta
008 100308s1986 dr a 001 0 spa d
040 _aDO-SdBNP
_bspa
_cBNPHU
_erda
049 _aBNPD
082 4 _bE24a
_222
245 0 0 _aEducación agrícola /
_cJosé Félix Marrero, Héctor Guerrero, Manuel Marino Hernández ; coordinadora, Violeta Josefina Morales ; ilustraciones, Julia Argentina Gil Brioso
246 1 4 _aEducación agrícola
264 1 _aSanto Domingo :
_bSecretaría de Estado de Educación,
_c1986.
300 _a206 páginas :
_bilustraciones ;
_c24 cm.
336 _atexto
_btxt
_2rdacontent
337 _asin mediación
_bn
_2rdamedia
338 _avolumen
_bnc
_2rdacarrier
504 _aBibliografía : p. 205-206
590 _aInventariado, 2023/BT
700 1 _aGuerrero, Héctor
_936913
700 1 _aHernández, Manuel Marino
_984462
700 1 _aVioleta Josefina, Morales,
_ecoordinador
_4coord.
_936914
700 1 _aGil Brioso, Julia Argentiana,
_eilustrador
_4il.
_936915
710 1 _aRepública Dominicana.
_bSecretaría de Estado de Educación, Bellas Artes y Cultos
_923965
910 _aBtavárez
942 _2ddc
_cLBS1
999 _c16147
_d16147